000 00642nam a22002291 4500
001 134593
003 ES-MaACL
005 20250819054656.0
007 t|
008 070912s1968 sp ||||0| spa d
016 7 _zIND2000944716
040 _aM-BN
_bspa
_cCDM
080 _a211(04)
100 1 _aWidmer, Gabriel H.
_9116748
245 1 3 _aEl Evangelio y el ateo /
_c[traducción de L. Morente Alvarez].
260 _a[Madrid :
_bMarova,
_c1968]
300 _a198 p. ;
_c18 cm.
650 1 7 _aAteísmo
_2embne
_910395
700 1 _aMorente Alvarez, Luis.
_983452
852 _aES-MaACL
_jC-36210
_bR.68257
999 _c134593
_d134593